Ein deutsches Rechtsbuch des 17. Jahrhunderts aus Kirchdrauf

Bibliographic Details
Main Author: Piirainen, Ilpo Tapani, 1941-2012 (Author)
Format: Book
Language:German
PhysicalDescription:S. 127-135 30 cm
Published: S.l. s.n. [1996]
Subjects:

MARC

LEADER 00000nam a2200000 a 4500
001 vtls001287112
003 SK-MaSNL
005 20260301064850.0
008 251124s1996 DE 0 ger
020 |c [30,00] 
035 |a SNK000238672 
040 |a SNK  |b slo  |c SNK  |e AACR2 
044 |a DE 
080 |a 803.0(437.6)"16"  |2 1981 
080 |a 091(437.6=30)"16"  |2 1981 
100 1 |a Piirainen, Ilpo Tapani,  |d 1941-2012  |4 aut  |9 224819 
245 1 0 |a Ein deutsches Rechtsbuch des 17. Jahrhunderts aus Kirchdrauf  |c Ilpo Tapani Piirainen 
260 |a S.l.  |b s.n.  |c [1996] 
300 |a S. 127-135  |c 30 cm 
500 |a Odtlačok z: Karpaten Jahrbuch 1997, Jg. 48, xerokópia 
648 7 |a 17. storočie  |2 SNK  |9 276982 
650 0 7 |a nemecké rukopisy  |2 SNKPH  |9 238409 
651 7 |a Spiš (Slovensko : región)  |2 SNKPHgeo  |9 17692 
655 7 |a štúdie  |2 SNKPH  |9 57033 
999 |c 628511  |d 630441 
952 |a SNK  |b SNK  |y PREZ  |7 0  |p 17A0063399  |o snkOIC 6506  |i snkV 1180/97  |8 2  |0 0  |1 0  |4 0  |d 1997-05-20  |l 0  |r 2005-01-02 00:00:00  |w 2026-02-23